| 000 | 00749nam a22001577a 4500 | ||
|---|---|---|---|
| 008 | 190807b xxu||||| |||| 00| 0 eng d | ||
| 020 | _a0809209101 | ||
| 050 | _aHF5429.26.G7 | ||
| 100 | _aGrebel, Rosemary | ||
| 245 |
_aContemporary's: make your mark in retail jobs. / _cRosemary Grebel. |
||
| 260 |
_aIllinois: _bContemporary books Inc., _c1997. |
||
| 300 |
_aiv, 124 p.: _bill.; _c28 cm. |
||
| 505 | _aContents: No waiting on register three! -- Looking for anything special? -- Do you have an account? -- Would you like something else? -- Who will set the alarm? -- The department looks great! -- Cleanup on aisle 10B -- May I have your order? -- Are you accepting applications? -- A new manager. | ||
| 700 | _aPogrund, Phyllis | ||
| 942 |
_2lcc _cBK |
||
| 999 |
_c6887 _d14387 |
||